Nang và u lành tính vùng miệng hàm mặt

保存先:
書誌詳細
第一著者: TRẦN VĂN TRƯỜNG
フォーマット: 図書
言語:Undetermined
出版事項: H. Y Học 2002
主題:
タグ: タグ追加
タグなし, このレコードへの初めてのタグを付けませんか!
Thư viện lưu trữ: Trung tâm Học liệu Trường Đại học Cần Thơ
LEADER 00480nam a2200169Ia 4500
001 CTU_49950
008 210402s9999 xx 000 0 und d
082 |a 616.992 
082 |b Tr561 
100 |a TRẦN VĂN TRƯỜNG 
245 0 |a Nang và u lành tính vùng miệng hàm mặt 
245 0 |c TRẦN VĂN TRƯỜNG 
260 |a H. 
260 |b Y Học 
260 |c 2002 
650 |a oncology 
980 |a Trung tâm Học liệu Trường Đại học Cần Thơ